000 01337cam a2200325 4500
001 ABS64639
008 011022n2001 000 0 eng u
035 _a(Sirsi) u115244
100 _aMenary, S
245 _aMoving with the times
260 _c2001
490 _aProperty Week
_v66(40) 5 October 2001, 92-93(2)
520 _aExamines the recent trend of long established company headquarters moving to new locations. Suggests that the unstable economy and a drive for cheaper rents is affecting relocation decisions, although some companies see moving as a way of rebranding, reorganising staff, changing their corporate culture, streamlining their business or making a good impression on shareholders. Looks at the factors determining the relocation of CB Hillier Parker, Marks & Spencers, Sainsburys, the London Stock Exchange and the Portman Building Society.
590 _aABS
650 _aRELOCATION
650 _aMOVING
650 _aREORGANISATION
650 _aCORPORATE IMAGE
650 _aBRANDING
650 _aECONOMY
650 _aSURVEYING FIRMS
650 _aRETAILERS
650 _aHEADQUARTERS
650 _aMARKS & SPENCER
650 _aSAINSBURYS
650 _aPORTMAN BUILDING SOCIETY
650 _aLONDON STOCK EXCHANGE
690 _aMANAGEMENT-BUSINESS MANAGEMENT
942 _n0
999 _c68630
_d68630